000 02198nam0a2200397 4500
001 RU\NLR\bibl\64455
005 20250616092744.0
010 _a5-7632-0028-4
_990000
035 _a(NLR Aleph) 000062900
090 _a343529
_c343529
100 _a19991220d1995 |||y0rusy50 ca
101 0 _arus
102 _aRU
105 _ac |||||||||
200 1 _aВеликий государь Федор Алексеевич
_fС. Мосияш
210 _aМ.
_cАРМАДА
_d1995
215 _a567,[2] с.
_cпортр.
_d21
225 1 _aРомановы. Династия в романах
300 _aНа обл. и суперобл. только загл. сер.: Романовы. Династия в романах: Федор Алексеевич
300 _aВ вып. дан. авт. 2-го произведения: А.И. Лавинцев (Красницкий)
423 0 _12001#$aЦарица-полячка$e[Романы]$fА. Лавинцев$g[К сб. в целом: Ред. и коммент. Л.Ю. Савельева]
_1700#1$aКрасницкий$bА. И.$f1866-1917$gАлександр Иванович$4070$3RU\NLR\auth\772543
_1210##$aМ.$d1995
_1215##$aС. 377-557
_tЦарица-полячка
_aКрасницкий, Александр Иванович (1866-1917)
461 0 _12001#$aРомановы. Династия в романах$eФедор Алексеевич
_tРомановы. Династия в романах
600 0 _aФедор Алексеевич
_f1661 - 1682
_xв художественной литературе
_92144980
_3RU\NLR\auth\661292375
600 0 _aФедор Алексеевич
_cцарь русский
_f1661 - 1682
_xв художественной литературе
_92144985
_3RU\NLR\auth\661292378
686 _aШ6(2=Р)-94
700 1 _aМосияш
_bС. П.
_gСергей Павлович
_4070
801 0 _aRU
_bNLR
_c19991220
_gPSBO
801 1 _aRU
_bNLR
_c19991220
830 _aАвт. по кн.
852 _aNLR
_j99-3/15934
942 _cBOOK
980 _aNB